<?xml version="1.0" encoding="UTF-8"?>
<collection xmlns="http://www.loc.gov/MARC21/slim">
 <record>
  <leader>01394nam a2200193Ia 4500</leader>
  <controlfield tag="001">CTU_211184</controlfield>
  <controlfield tag="008">210402s9999    xx            000 0 und d</controlfield>
  <datafield tag="082" ind1=" " ind2=" ">
   <subfield code="a">362.109</subfield>
  </datafield>
  <datafield tag="082" ind1=" " ind2=" ">
   <subfield code="b">P877</subfield>
  </datafield>
  <datafield tag="245" ind1=" " ind2="0">
   <subfield code="a">Pour un développement sain :</subfield>
  </datafield>
  <datafield tag="245" ind1=" " ind2="0">
   <subfield code="b">Stratégie de la banque mondiale pour l'amélioration des résultats en matière de santé, nutrition et population</subfield>
  </datafield>
  <datafield tag="260" ind1=" " ind2=" ">
   <subfield code="a">Washington</subfield>
  </datafield>
  <datafield tag="260" ind1=" " ind2=" ">
   <subfield code="b">Banque Mondiale</subfield>
  </datafield>
  <datafield tag="260" ind1=" " ind2=" ">
   <subfield code="c">2009</subfield>
  </datafield>
  <datafield tag="520" ind1=" " ind2=" ">
   <subfield code="a">Healthy Development: The World Bank Strategy for Health, Nutrition, &amp; Population Results&quot; updates the Bank's contribution to improving health outcomes. Including the 2015 Millennium Development Goals, at a time when new and existing multilateral organizations, bilateral partners, and foundations are increasing their commitment to global health. After an extensive consultative process with governments and global partners, including civil society organizations and bilateral and multilateral organizations, the World Bank's new health, nutrition, and population</subfield>
  </datafield>
  <datafield tag="650" ind1=" " ind2=" ">
   <subfield code="a">Public healthy,Nutrition policy,Sức khoẻ cộng đồng,Chính sách dinh dưỡng</subfield>
  </datafield>
  <datafield tag="650" ind1=" " ind2=" ">
   <subfield code="x">Development countries,Finance,Development countries,Finance,Các nước đang phát triển,Tài chính,Các nước đang phát triển,Tài chính</subfield>
  </datafield>
  <datafield tag="904" ind1=" " ind2=" ">
   <subfield code="i">Qhieu</subfield>
  </datafield>
  <datafield tag="980" ind1=" " ind2=" ">
   <subfield code="a">Trung tâm Học liệu Trường Đại học Cần Thơ</subfield>
  </datafield>
 </record>
</collection>
